[Event "Int. Stuttgarter Stadtmeisterschaft B"]
[Site "Ditzingen"]
[Date "2014.05.31"]
[Round "7.8"]
[White "Issaad, Pascal"]
[Black "Goda, Frederic"]
[Result "1-0"]
[WhiteElo "1864"]
[BlackElo "1718"]
[PlyCount "79"]
[EventDate "2014.??.??"]
[WhiteTeam "SV Stuttgart-Wolfbusch 1956 e.V."]
[BlackTeam "SC Weiße Dame Ulm e.V."]

1. f4 d6 2. d4 g6 3. Nf3 Bg7 4. e3 Nf6 5. Bd3 O-O 6. O-O Nc6 7. e4 e5 8. fxe5
dxe5 9. d5 Nb4 10. c4 Nxd3 11. Qxd3 Qd6 12. Nc3 a6 13. Kh1 Ne8 14. Be3 f5 15.
c5 Qd7 16. Ng5 Qd8 17. Nf3 f4 18. Bg1 g5 19. Rad1 g4 20. Nd2 Rf6 21. Nc4 Rh6
22. d6 cxd6 23. cxd6 Bd7 24. Qd5+ Be6 25. Qd3 b5 26. Nb6 Nf6 27. Nxa8 Nh5 28.
Ne2 Bc4 29. Qxc4+ bxc4 30. d7 Bf8 31. Bb6 Rxb6 32. Nxb6 Ng3+ 33. Nxg3 fxg3 34.
hxg3 Bc5 35. Nxc4 Bd4 36. Rf5 Qxd7 37. Rxe5 Qg7 38. Re8+ Kf7 39. Nd6+ Kg6 40.
Re6+ 1-0

[Event "Int. Stuttgarter Stadtmeisterschaft B"]
[Site "Ditzingen"]
[Date "2014.05.31"]
[Round "7.9"]
[White "Kußmann, Alexander"]
[Black "Bried, Martin"]
[Result "1-0"]
[WhiteElo "1657"]
[BlackElo "1820"]
[PlyCount "47"]
[EventDate "2014.??.??"]
[WhiteTeam "SC Aidlingen"]
[BlackTeam "SpVgg Rommelshausen"]

1. e3 e5 2. c4 Nf6 3. Be2 d5 4. cxd5 Qxd5 5. Nf3 Nc6 6. Nc3 Qd8 7. d4 exd4 8.
exd4 Bd6 9. O-O O-O 10. Bg5 h6 11. Bh4 Bg4 12. Re1 a6 13. a3 g5 14. Bg3 Re8 15.
Ne5 Bxe2 16. Rxe2 Bxe5 17. dxe5 Nh5 18. Rd2 Nxg3 19. Rxd8 Raxd8 20. Qf3 Nxe5
21. Qxg3 Rd3 22. f3 Ng6 23. Qxc7 Rd2 24. Ne4 1-0

[Event "Int. Stuttgarter Stadtmeisterschaft B"]
[Site "Ditzingen"]
[Date "2014.05.31"]
[Round "7.10"]
[White "Pietzka, Martin"]
[Black "Hahn, Lilli"]
[Result "1/2-1/2"]
[WhiteElo "1805"]
[BlackElo "1773"]
[PlyCount "141"]
[EventDate "2014.??.??"]
[WhiteTeam "SV Nürtingen 1920"]
[BlackTeam "SV Balingen"]

1. e4 c5 2. Nf3 a6 3. a4 Nc6 4. Nc3 d6 5. Be2 g6 6. d4 cxd4 7. Nxd4 Bg7 8. Be3
Nf6 9. O-O O-O 10. Nb3 Nd7 11. a5 b6 12. axb6 Nxb6 13. f4 Nd7 14. Qd2 Bb7 15.
Rac1 Nf6 16. Bf3 Na5 17. Nxa5 Qxa5 18. Ra1 Qc7 19. Kh1 Rfc8 20. Qf2 Nd7 21. Bd4
Bxd4 22. Qxd4 Qc5 23. Qxc5 Rxc5 24. Be2 Nf6 25. Bd3 Kg7 26. h3 h6 27. Kh2 Ne8
28. Ra3 Nf6 29. b4 Rc7 30. Rfa1 Rac8 31. Nd5 Nxd5 32. exd5 Bxd5 33. Rxa6 Bc4
34. Bxc4 Rxc4 35. Rb1 Rxc2 36. b5 R2c7 37. b6 Rb7 38. Ra7 Rcb8 39. Rxb7 Rxb7
40. g4 Kf6 41. Kg3 d5 42. Kf3 g5 43. Ke3 Ke6 44. Kf3 Kd6 45. f5 Kc6 46. Kg3
Rxb6 47. Rc1+ Kd7 48. Rd1 Kd6 49. Rd3 Rb4 50. h4 Ke5 51. Ra3 d4 52. Ra5+ Ke4
53. Ra7 gxh4+ 54. Kxh4 Rb1 55. Kg3 d3 56. Rxe7+ Kd4 57. Rxf7 d2 58. Rd7+ Ke3
59. Re7+ Kd3 60. Rd7+ Ke2 61. Re7+ Kf1 62. Rd7 d1=Q 63. Rxd1+ Rxd1 64. Kh4 Kg2
65. Kh5 Kg3 66. Kxh6 Kxg4 67. f6 Rd6 68. Kg7 Kf5 69. f7 Rd7 70. Kg8 Rxf7 71.
Kxf7 1/2-1/2

[Event "Int. Stuttgarter Stadtmeisterschaft B"]
[Site "Ditzingen"]
[Date "2014.05.31"]
[Round "7.11"]
[White "Bausch, Jean"]
[Black "Narr, Matthias"]
[Result "0-1"]
[WhiteElo "1791"]
[BlackElo "1743"]
[PlyCount "76"]
[EventDate "2014.??.??"]
[WhiteTeam "SC Unterhaching e.V."]
[BlackTeam "SR Heuberg-Gosheim"]

1. d4 f5 2. Nf3 Nf6 3. c4 e6 4. Nc3 d6 5. g3 Be7 6. Bg2 O-O 7. O-O Qe8 8. Qc2
Bd8 9. e4 Nc6 10. b3 Qh5 11. Bb2 e5 12. dxe5 dxe5 13. Rfe1 f4 14. Nd5 Ng4 15.
Qe2 fxg3 16. fxg3 Nd4 17. Bxd4 exd4 18. Rad1 c6 19. Nf4 Qh6 20. Rxd4 Bb6 21.
Red1 Bxd4+ 22. Rxd4 Qf6 23. Qd2 Ne5 24. Ne1 Be6 25. Nxe6 Qxe6 26. Rd6 Qe7 27.
Nc2 Rad8 28. Rxd8 Qxd8 29. Qe2 Qg5 30. Ne3 Qf6 31. c5 Nf3+ 32. Bxf3 Qxf3 33.
Qxf3 Rxf3 34. Nc4 Kf8 35. Nd6 b6 36. cxb6 axb6 37. Nc4 b5 38. Ne5 Rc3 0-1

[Event "Int. Stuttgarter Stadtmeisterschaft B"]
[Site "Ditzingen"]
[Date "2014.05.31"]
[Round "7.12"]
[White "Michna, Marcus"]
[Black "Vogel, Karlheinz"]
[Result "0-1"]
[WhiteElo "1774"]
[BlackElo "1706"]
[PlyCount "64"]
[EventDate "2014.??.??"]
[WhiteTeam "TSF Ditzingen"]
[BlackTeam "SV 23 Böckingen"]

1. d4 f5 2. e4 fxe4 3. Nc3 Nf6 4. f3 exf3 5. Nxf3 c6 6. Bd3 g6 7. O-O Bg7 8.
Qe1 O-O 9. Bg5 d6 10. Qd2 Bf5 11. Rae1 Bxd3 12. Qxd3 Na6 13. Qe3 Rf7 14. Ne4
Qd7 15. h3 Nb4 16. Qb3 Nbd5 17. c4 Nxe4 18. cxd5 Nf6 19. dxc6 bxc6 20. Bh4 Nd5
21. Bf2 Raf8 22. Be3 Kh8 23. Qc4 Rxf3 24. Rxf3 Rxf3 25. gxf3 Qxh3 26. Qxc6 Qg3+
27. Kh1 Qh3+ 28. Kg1 Qg3+ 29. Kh1 Qxe1+ 30. Kh2 Nf6 31. Qc8+ Ng8 32. Bg5 Qf2+
0-1

[Event "Int. Stuttgarter Stadtmeisterschaft B"]
[Site "Ditzingen"]
[Date "2014.05.31"]
[Round "7.13"]
[White "Gorb, Eugeniusz"]
[Black "Lehmann, Stefan"]
[Result "1-0"]
[WhiteElo "1657"]
[BlackElo "1866"]
[PlyCount "135"]
[EventDate "2014.??.??"]
[WhiteTeam "SK Sachsenheim"]
[BlackTeam "Ssg Fils-Lauter e. V."]

1. e4 e5 2. Nf3 Nc6 3. d4 exd4 4. Nxd4 Bc5 5. Nxc6 Qf6 6. Qe2 dxc6 7. Nc3 Be6
8. a3 Ne7 9. Be3 Bd6 10. Bd2 O-O-O 11. g3 Qg6 12. Qe3 Kb8 13. Bd3 Be5 14. f4
Bd4 15. Qe2 Bg4 16. Qg2 Qh5 17. Be2 f6 18. Bxg4 Qxg4 19. Qe2 h5 20. Qxg4 hxg4
21. Nd1 Rh3 22. Be3 Bxe3 23. Nxe3 Rdh8 24. Nf1 R3h5 25. Rd1 Kc8 26. Rd2 Rb5 27.
c3 f5 28. exf5 Nxf5 29. Kf2 Re8 30. h3 Rh8 31. Kg2 Rxh3 32. Rxh3 gxh3+ 33. Kxh3
Rd5 34. Rxd5 cxd5 35. Kg4 Nd6 36. Kg5 Kd7 37. Kg6 Ne8 38. Kf7 c5 39. f5 d4 40.
cxd4 cxd4 41. Nd2 Nd6+ 42. Kg6 Ke7 43. g4 Kf8 44. f6 gxf6 45. Kxf6 Nf7 46. Ke6
d3 47. Kd7 Ne5+ 48. Kc7 Nxg4 49. Kxb7 a5 50. Kb6 a4 51. Kb5 Ke7 52. Kxa4 Kd6
53. Kb4 Ne5 54. Kc3 Kc5 55. Ne4+ Kb5 56. Nf2 d2 57. Kxd2 Ka4 58. Kc3 Nc6 59.
Nd3 Na7 60. Nc5+ Kb5 61. b4 Nc6 62. a4+ Kb6 63. Ne6 Kb7 64. Nd4 Na7 65. Kc4 Kb6
66. a5+ Ka6 67. Kc5 Nc8 68. Nc6 1-0

[Event "Int. Stuttgarter Stadtmeisterschaft B"]
[Site "Ditzingen"]
[Date "2014.05.31"]
[Round "7.15"]
[White "Fuchs, Egbert"]
[Black "Wezel, Sebastian"]
[Result "0-1"]
[WhiteElo "1692"]
[BlackElo "1843"]
[PlyCount "78"]
[EventDate "2014.??.??"]
[WhiteTeam "SVG Vaihingen/Enz"]
[BlackTeam "SV Dettingen Erms"]

1. e4 c5 2. Nc3 Nc6 3. f4 g6 4. Nf3 Bg7 5. Bb5 Nd4 6. O-O a6 7. Bd3 d6 8. Nxd4
cxd4 9. Ne2 Nf6 10. Qe1 Qb6 11. h3 O-O 12. Qf2 Bd7 13. c3 e5 14. fxe5 dxe5 15.
cxd4 exd4 16. b3 Bb5 17. Bxb5 Nxe4 18. Qf4 d3+ 19. Kh1 axb5 20. Nc3 Nxc3 21.
dxc3 Bxc3 22. Be3 Qe6 23. Rac1 b4 24. Rcd1 Rxa2 25. Rxd3 Qxb3 26. Rd7 Qe6 27.
Rxb7 Qd5 28. Qf3 Qxf3 29. Rxf3 f5 30. Bc5 Ra1+ 31. Kh2 Be5+ 32. g3 Ra2+ 33. Rf2
Rxf2+ 34. Bxf2 Rb8 35. Re7 Bc3 36. Ba7 Rb5 37. Rc7 b3 38. Rxc3 b2 39. Rc8+ Kf7
0-1

[Event "Int. Stuttgarter Stadtmeisterschaft B"]
[Site "Ditzingen"]
[Date "2014.05.31"]
[Round "7.16"]
[White "Merk, Daniel"]
[Black "Fais, Sami"]
[Result "0-1"]
[WhiteElo "1677"]
[BlackElo "1827"]
[PlyCount "58"]
[EventDate "2014.??.??"]
[WhiteTeam "Schach-Pinguine Murrhardt e.V."]
[BlackTeam "VfL Sindelfingen"]

1. d4 Nf6 2. c4 e6 3. Nc3 Bb4 4. Bg5 O-O 5. e3 b6 6. Nf3 Bb7 7. Bd3 c5 8. O-O
h6 9. Bxf6 Qxf6 10. Nd2 cxd4 11. Nde4 Qe7 12. exd4 f5 13. Ng3 Nc6 14. d5 Ne5
15. Re1 Ng4 16. Bxf5 Nxf2 17. Kxf2 Bc5+ 18. Kf1 Qh4 19. Nce4 Qf4+ 20. Qf3 Qxf3+
21. gxf3 exf5 22. Nxc5 bxc5 23. Re7 Ba6 24. b3 Bc8 25. Rae1 a5 26. Re8 d6 27.
R1e7 f4 28. Ne4 Bh3+ 29. Kf2 Raxe8 0-1

[Event "Int. Stuttgarter Stadtmeisterschaft B"]
[Site "Ditzingen"]
[Date "2014.05.31"]
[Round "7.17"]
[White "Bauer, Dieter"]
[Black "Peters, Theresa"]
[Result "1/2-1/2"]
[WhiteElo "1733"]
[BlackElo "1636"]
[PlyCount "64"]
[EventDate "2014.??.??"]
[WhiteTeam "SF 59 Neckartenzlingen"]
[BlackTeam "SC Hechingen"]

1. c4 c5 2. g3 Nc6 3. Bg2 d6 4. d3 g6 5. Nc3 Bg7 6. Rb1 Rb8 7. a3 a5 8. Nf3 Bg4
9. h3 Bd7 10. O-O Qc8 11. Kh2 f5 12. Nd5 b5 13. Nd2 Nf6 14. cxb5 Rxb5 15. Nxf6+
Bxf6 16. Nc4 Bg7 17. Bf4 O-O 18. Qc1 Nd4 19. Re1 Bc6 20. Be3 Bxg2 21. Bxd4 Bxd4
22. Kxg2 Qb7+ 23. Kg1 d5 24. e3 Bg7 25. Nd2 Bxb2 26. Qc2 Bxa3 27. Rxb5 Qxb5 28.
e4 fxe4 29. dxe4 c4 30. exd5 Qxd5 31. Qxc4 Rd8 32. Re5 Qxc4 1/2-1/2

[Event "Int. Stuttgarter Stadtmeisterschaft B"]
[Site "Ditzingen"]
[Date "2014.05.31"]
[Round "7.18"]
[White "Ellinger, Harald"]
[Black "Gheng, Dominik"]
[Result "1/2-1/2"]
[WhiteElo "1854"]
[BlackElo "1556"]
[PlyCount "36"]
[EventDate "2014.??.??"]
[WhiteTeam "SK e4 Gerlingen"]
[BlackTeam "Schach-Kids Bernhausen e.V."]

1. Nf3 d5 2. d4 e6 3. c4 Nf6 4. a3 Be7 5. Nc3 O-O 6. e3 b6 7. cxd5 exd5 8. Be2
Bb7 9. O-O Nbd7 10. b4 c6 11. Bb2 a5 12. b5 c5 13. a4 Rc8 14. Ne5 Nxe5 15. dxe5
Ne8 16. Bf3 Nc7 17. Qd2 Qd7 18. h3 Rfd8 1/2-1/2

[Event "Int. Stuttgarter Stadtmeisterschaft B"]
[Site "Ditzingen"]
[Date "2014.05.31"]
[Round "7.19"]
[White "Schmitz, Harald"]
[Black "Behm, Wilfried"]
[Result "1/2-1/2"]
[WhiteElo "1726"]
[BlackElo "1844"]
[PlyCount "101"]
[EventDate "2014.??.??"]
[WhiteTeam "SC Aidlingen"]
[BlackTeam "SV Stuttgart-Wolfbusch 1956 e.V."]

1. e4 e6 2. d4 d5 3. exd5 exd5 4. Bd3 Bd6 5. Ne2 Bg4 6. O-O Ne7 7. Re1 O-O 8.
f3 Bf5 9. Bf4 Bb4 10. c3 Bxd3 11. Qxd3 Ba5 12. Nd2 Bb6 13. Nf1 Nd7 14. Rad1 Ng6
15. Bg3 Qf6 16. Ne3 c6 17. Ng4 Qg5 18. Qd2 Qf5 19. Qd3 Qxd3 20. Rxd3 f5 21. Bd6
fxg4 22. Bxf8 Rxf8 23. fxg4 Nde5 24. Rg3 Nc4 25. b3 Nd2 26. Rd1 Ne4 27. Rf3
Rxf3 28. gxf3 Ng5 29. Rf1 Nh3+ 30. Kg2 Nhf4+ 31. Nxf4 Nxf4+ 32. Kf2 Kf7 33. Ke3
Bc7 34. Rf2 Kf6 35. c4 dxc4 36. bxc4 b6 37. Ke4 g6 38. Rd2 Ne6 39. Rf2 Ng5+ 40.
Ke3 Nh3 41. Rc2 Kg5 42. Ke4 Kf6 43. Kd3 Bd8 44. Ke4 Ng5+ 45. Ke3 Be7 46. d5
Bc5+ 47. Kf4 Bd6+ 48. Ke3 cxd5 49. cxd5 Bc5+ 50. Kf4 Bd6+ 51. Ke3 1/2-1/2

[Event "Int. Stuttgarter Stadtmeisterschaft B"]
[Site "Ditzingen"]
[Date "2014.05.31"]
[Round "7.20"]
[White "Winkler, Tim"]
[Black "Günay, Nuri"]
[Result "1/2-1/2"]
[WhiteElo "1827"]
[BlackElo "1611"]
[PlyCount "109"]
[EventDate "2014.??.??"]
[WhiteTeam "SF Deizisau"]
[BlackTeam "SK Sachsenheim"]

1. e4 e6 2. d4 d5 3. exd5 exd5 4. Bd3 Bd6 5. Nf3 Ne7 6. c3 Bg4 7. Bg5 f6 8. Bh4
Nbc6 9. Nbd2 Qd7 10. Qc2 O-O-O 11. O-O-O Bf5 12. Bg3 Bxd3 13. Qxd3 Rde8 14. Nb3
b6 15. Qa6+ Kb8 16. Rhe1 Nf5 17. Qb5 Kc8 18. a4 Bxg3 19. hxg3 Nd6 20. Qa6+ Kb8
21. a5 Qc8 22. Qxc8+ Kxc8 23. axb6 axb6 24. Nbd2 Kd7 25. Kc2 Ne7 26. Re2 Nef5
27. Rde1 Rxe2 28. Rxe2 Nh6 29. Ne1 Re8 30. Rxe8 Kxe8 31. Nd3 f5 32. Nb4 Ng4 33.
Nxd5 Nxf2 34. Nxc7+ Kd7 35. Nd5 Kc6 36. Nf4 g5 37. Ne6 h6 38. Ng7 Kd5 39. Nf1
Ke4 40. Nh5 Ng4 41. Kd2 Nc4+ 42. Ke2 Nxb2 43. Nh2 Nc4 44. Nxg4 fxg4 45. Nf6+
Kf5 46. Nd5 h5 47. Ne3+ Nxe3 48. Kxe3 h4 49. gxh4 gxh4 50. c4 h3 51. gxh3 gxh3
52. Kf3 h2 53. Kg2 Ke4 54. d5 Ke5 55. Kxh2 1/2-1/2

[Event "Int. Stuttgarter Stadtmeisterschaft B"]
[Site "Ditzingen"]
[Date "2014.05.31"]
[Round "7.21"]
[White "Pudmensky, Stefan"]
[Black "Lehnhardt, Julian"]
[Result "1-0"]
[WhiteElo "1829"]
[BlackElo "1593"]
[PlyCount "71"]
[EventDate "2014.??.??"]
[WhiteTeam "SF Oeffingen e.V."]
[BlackTeam "SV Weil der Stadt"]

1. d4 e6 2. c4 Nf6 3. Nf3 d5 4. Nc3 Bb4 5. Bg5 c6 6. Bxf6 Qxf6 7. e3 Nd7 8. Bd3
e5 9. Nxe5 Nxe5 10. dxe5 Qxe5 11. Qb3 Bxc3+ 12. Qxc3 Qxc3+ 13. bxc3 dxc4 14.
Bxc4 Bf5 15. O-O O-O 16. Rfd1 Rfe8 17. Rd2 Rad8 18. Rad1 Rxd2 19. Rxd2 Kf8 20.
Kf1 Be6 21. Bxe6 Rxe6 22. Ke2 Ke7 23. f4 Rd6 24. e4 Rxd2+ 25. Kxd2 c5 26. c4
Ke6 27. g4 h6 28. h4 g6 29. Ke3 a6 30. a4 a5 31. e5 f6 32. exf6 Kxf6 33. Ke4 g5
34. hxg5+ hxg5 35. f5 Ke7 36. Kd5 1-0

[Event "Int. Stuttgarter Stadtmeisterschaft B"]
[Site "Ditzingen"]
[Date "2014.05.31"]
[Round "7.22"]
[White "Gheng, Christian"]
[Black "Pocrnic, Josip"]
[Result "1/2-1/2"]
[WhiteElo "1686"]
[BlackElo "1805"]
[PlyCount "35"]
[EventDate "2014.??.??"]
[WhiteTeam "TSV Schönaich"]
[BlackTeam "SF 1954 Conweiler e.V."]

1. e4 e6 2. d4 d5 3. Nd2 Nf6 4. e5 Nfd7 5. f4 c5 6. Ndf3 Nc6 7. c3 cxd4 8. cxd4
Bb4+ 9. Bd2 Qb6 10. Bxb4 Qxb4+ 11. Qd2 Qxd2+ 12. Kxd2 a6 13. a4 Na5 14. Kc3 Nc6
15. Bd3 a5 16. Ne2 g6 17. g4 h5 18. h3 1/2-1/2

[Event "Int. Stuttgarter Stadtmeisterschaft B"]
[Site "Ditzingen"]
[Date "2014.05.31"]
[Round "7.23"]
[White "Thakkar, Amish"]
[Black "Tölg, Wolfgang"]
[Result "1-0"]
[WhiteElo "1585"]
[BlackElo "1772"]
[PlyCount "83"]
[EventDate "2014.??.??"]
[WhiteTeam "Rochade Metzingen e.V."]
[BlackTeam "SF Oeffingen e.V."]

1. e4 e5 2. Nf3 Nc6 3. Bc4 Bc5 4. c3 d6 5. d3 Be6 6. Bb3 Nf6 7. Nbd2 O-O 8. Nf1
Ng4 9. Ne3 Nf6 10. Bc2 Qd7 11. d4 exd4 12. cxd4 Bb4+ 13. Bd2 Bxd2+ 14. Qxd2 Bg4
15. h3 Bh5 16. g4 Bg6 17. d5 Nxe4 18. Bxe4 Bxe4 19. dxc6 Qxc6 20. Nd4 Qd7 21.
f3 Bg6 22. Ndf5 Rfe8 23. Kf2 Qb5 24. Rac1 Qb6 25. Qd4 Qxd4 26. Nxd4 c5 27. Ndf5
Re6 28. Rhd1 Rae8 29. Nxd6 Rxe3 30. Nxe8 Rxe8 31. Rxc5 h6 32. Rc7 Rb8 33. Rdd7
b5 34. Rxa7 Rc8 35. Rac7 Ra8 36. a3 Kh7 37. f4 Be4 38. Rxf7 Rd8 39. Rxg7+ Kh8
40. Rge7 Rf8 41. Ke3 Bb1 42. f5 1-0

[Event "Int. Stuttgarter Stadtmeisterschaft B"]
[Site "Ditzingen"]
[Date "2014.05.31"]
[Round "7.24"]
[White "Zimmermann, Tobias"]
[Black "Fürderer, Carl"]
[Result "1-0"]
[WhiteElo "1768"]
[BlackElo "1547"]
[PlyCount "27"]
[EventDate "2014.??.??"]
[WhiteTeam "SC Schachmatt Botnang"]
[BlackTeam "SC Weiße Dame Ulm e.V."]

1. e4 e5 2. Nf3 Nc6 3. d4 exd4 4. Bc4 Be7 5. c3 d3 6. Qb3 Nf6 7. Bxf7+ Kf8 8.
Bd5 Qe8 9. O-O d6 10. Ng5 Nxd5 11. Qxd5 Qg6 12. f4 h6 13. f5 Qf6 14. Ne6+ 1-0

[Event "Int. Stuttgarter Stadtmeisterschaft B"]
[Site "Ditzingen"]
[Date "2014.05.31"]
[Round "7.25"]
[White "Kissel, Ralf"]
[Black "Schwarz, Manuel"]
[Result "1-0"]
[WhiteElo "1759"]
[BlackElo "1537"]
[PlyCount "97"]
[EventDate "2014.??.??"]
[WhiteTeam "SK 1912 Ludwigshafen"]
[BlackTeam "SVG Vaihingen/Enz"]

1. e4 c5 2. Nf3 d6 3. Bb5+ Nc6 4. d4 cxd4 5. Qxd4 Bd7 6. Bxc6 bxc6 7. O-O Nf6
8. Re1 c5 9. Qd3 g6 10. e5 Bf5 11. Qb5+ Nd7 12. exd6 Rb8 13. dxe7 Bxe7 14. Qe2
Be6 15. Bh6 Nf6 16. Ng5 Rb6 17. Nxe6 fxe6 18. Bg7 Rg8 19. Bxf6 Bxf6 20. c3 Rg7
21. Na3 Re7 22. Nc4 Rbb7 23. Qf3 Qd5 24. Qxd5 exd5 25. Nd6+ Kd8 26. Nxb7+ Rxb7
27. Re2 d4 28. Rd1 Rd7 29. Red2 Kc7 30. cxd4 cxd4 31. Kf1 Kc6 32. Ke2 Kd5 33.
Kd3 Re7 34. Rc2 g5 35. b4 Rb7 36. Rc5+ Kd6 37. a3 h6 38. Rdc1 Rb6 39. Rf5 Ke7
40. f3 a6 41. Rc4 Re6 42. Rxf6 Kxf6 43. Rxd4 h5 44. a4 a5 45. b5 h4 46. Rd8 Ke5
47. Kc4 Kf4 48. Kd5 Re1 49. Rf8+ 1-0

[Event "Int. Stuttgarter Stadtmeisterschaft B"]
[Site "Ditzingen"]
[Date "2014.05.31"]
[Round "7.26"]
[White "Steinmassl, Guido"]
[Black "Reichardt, Bernd"]
[Result "1/2-1/2"]
[WhiteElo "1617"]
[BlackElo "1759"]
[PlyCount "53"]
[EventDate "2014.??.??"]
[WhiteTeam "SK e4 Gerlingen"]
[BlackTeam "SF Markgräflerland e."]

1. Nf3 d5 2. d4 Nf6 3. Bf4 e6 4. e3 c5 5. Bb5+ Bd7 6. Bxd7+ Qxd7 7. O-O Nc6 8.
Re1 c4 9. c3 Be7 10. Nbd2 O-O 11. h3 Rfe8 12. e4 Nxe4 13. Nxe4 dxe4 14. Rxe4
Qd5 15. Qc2 f5 16. Re2 b5 17. Rae1 Bf6 18. Bg5 Kf7 19. Qd2 h6 20. Bxf6 Kxf6 21.
h4 Re7 22. Qf4 Rae8 23. h5 e5 24. Qh4+ Kf7 25. Nxe5+ Nxe5 26. Rxe5 Rxe5 27.
Rxe5 1/2-1/2

[Event "Int. Stuttgarter Stadtmeisterschaft B"]
[Site "Ditzingen"]
[Date "2014.05.31"]
[Round "7.27"]
[White "Schmidt, Heiko"]
[Black "Fischer, Reinhardt"]
[Result "1-0"]
[WhiteElo "1578"]
[BlackElo "1756"]
[PlyCount "115"]
[EventDate "2014.??.??"]
[WhiteTeam "SC Stetten a.d.F."]
[BlackTeam "SK 1912 Ludwigshafen"]

1. d4 Nf6 2. Nf3 g6 3. Bf4 Bg7 4. e3 O-O 5. c4 d6 6. Nc3 Nh5 7. Bg3 c5 8. Be2
Nd7 9. Ng5 Nxg3 10. hxg3 h6 11. Nf3 a6 12. Qd2 Nf6 13. Nh2 cxd4 14. exd4 Bd7
15. g4 Nh7 16. Rd1 Qa5 17. b3 Bc6 18. Bf3 Bxf3 19. Nxf3 b5 20. Nd5 Qxd2+ 21.
Rxd2 e6 22. Ne7+ Kh8 23. g5 Rfe8 24. Nc6 Rac8 25. Na5 e5 26. gxh6 Bf6 27. d5 e4
28. Nd4 e3 29. fxe3 Rxe3+ 30. Kd1 Re4 31. Nac6 bxc4 32. bxc4 Bxd4 33. Nxd4 Rxc4
34. Nf3 Rb4 35. Rc2 Rb1+ 36. Rc1 Rxc1+ 37. Kxc1 Rg4 38. Re1 Nf6 39. Re7 Kg8 40.
Ra7 Rxg2 41. Rxa6 Ne4 42. a4 Rg3 43. Nd4 Rd3 44. Nc6 Rxd5 45. Ne7+ Kh7 46. Nxd5
Kxh6 47. a5 g5 48. Nf6 Nxf6 49. Rxd6 Kg6 50. Rxf6+ Kxf6 51. a6 g4 52. a7 Kg5
53. a8=Q f5 54. Qg2 f4 55. Kd2 Kh4 56. Qh2+ Kg5 57. Kd3 Kf5 58. Qh5+ 1-0

[Event "Int. Stuttgarter Stadtmeisterschaft B"]
[Site "Ditzingen"]
[Date "2014.05.31"]
[Round "7.28"]
[White "Zaytsev, Evgeny"]
[Black "Sax, Leon"]
[Result "1-0"]
[WhiteElo "1736"]
[BlackElo "1475"]
[PlyCount "93"]
[EventDate "2014.??.??"]
[WhiteTeam "Stuttgarter SF 1879"]
[BlackTeam "SK Sachsenheim"]

1. e4 e6 2. d4 d5 3. Nd2 Nf6 4. e5 Nfd7 5. a3 c5 6. c3 Nc6 7. Ne2 Qb6 8. Nf3
Be7 9. g3 O-O 10. Bh3 Re8 11. O-O Nf8 12. Rb1 c4 13. b4 Na5 14. Bg5 Nb3 15. Nc1
Nxc1 16. Qxc1 Bxg5 17. Nxg5 h6 18. Nf3 Bd7 19. Bg2 Ng6 20. h4 Ne7 21. h5 a6 22.
g4 Qd8 23. Qf4 Nc6 24. g5 hxg5 25. Nxg5 f6 26. Nf3 Rf8 27. Qg3 Na7 28. Nh4 Be8
29. Ng6 Rf7 30. h6 Kh7 31. Nf8+ Kh8 32. Nxe6 Qd7 33. hxg7+ Rxg7 34. Nxg7 Qxg7
35. Qh4+ Kg8 36. exf6 Qf7 37. Qg5+ Qg6 38. f4 Qxg5 39. fxg5 Bc6 40. g6 Rd8 41.
Rbe1 Nc8 42. Re5 Kf8 43. Rfe1 Rd6 44. Rf1 Kg8 45. Bh3 Rd8 46. Be6+ Kf8 47. g7+
1-0

[Event "Int. Stuttgarter Stadtmeisterschaft B"]
[Site "Ditzingen"]
[Date "2014.05.31"]
[Round "7.29"]
[White "Lechler, Walter"]
[Black "Hornung, Richard"]
[Result "0-1"]
[WhiteElo "1561"]
[BlackElo "1734"]
[PlyCount "74"]
[EventDate "2014.??.??"]
[WhiteTeam "SK Dinkelsbühl e.V."]
[BlackTeam "SG Schwabing München Nord e.V."]

1. e4 c6 2. d4 d5 3. exd5 cxd5 4. Bd3 Nf6 5. c3 e6 6. Bf4 Bd6 7. Bxd6 Qxd6 8.
Nf3 O-O 9. O-O b6 10. Nbd2 Ba6 11. Qe2 Bxd3 12. Qxd3 Nbd7 13. Rfe1 Rac8 14. Ne5
Rfe8 15. Qg3 Qc7 16. Qe3 Qb7 17. Qd3 Nh5 18. Nxd7 Qxd7 19. g3 Nf6 20. Kg2 Qb7
21. f3 Qc7 22. f4 Qb7 23. Qf3 b5 24. a3 Qb6 25. Qe2 a5 26. Nf3 b4 27. axb4 axb4
28. cxb4 Qxb4 29. Rec1 h6 30. Rc2 Rxc2 31. Qxc2 Rb8 32. Ra2 Ne4 33. Kf1 Nd6 34.
Qc3 Qb5+ 35. Ke1 Rb6 36. Qe3 Qb4+ 37. Kf1 Qc4+ 0-1

[Event "Int. Stuttgarter Stadtmeisterschaft B"]
[Site "Ditzingen"]
[Date "2014.05.31"]
[Round "7.30"]
[White "Dallinger, Moritz"]
[Black "Bannach, Joerg"]
[Result "0-1"]
[WhiteElo "1544"]
[BlackElo "1863"]
[PlyCount "106"]
[EventDate "2014.??.??"]
[WhiteTeam "SV Stuttgart-Wolfbusch 1956 e.V."]
[BlackTeam "SF Augsburg"]

1. e4 e6 2. d4 d5 3. exd5 exd5 4. Nf3 Bg4 5. h3 Bh5 6. Bd3 Nc6 7. c3 Nf6 8. Bg5
Be7 9. Nbd2 Bg6 10. Qe2 Bxd3 11. Qxd3 Nh5 12. Bxe7 Qxe7+ 13. Qe3 Qxe3+ 14. fxe3
O-O-O 15. Ng5 Rde8 16. Kf2 h6 17. Ngf3 Rhf8 18. g4 Nf6 19. Rae1 Ne4+ 20. Nxe4
dxe4 21. Nh4 f5 22. Kg3 fxg4 23. hxg4 Ne7 24. Rhf1 g6 25. Rf2 Rxf2 26. Kxf2 g5
27. Ng2 Rf8+ 28. Kg1 Kd7 29. Rf1 Rxf1+ 30. Kxf1 Nd5 31. Ke2 Nf6 32. Kf2 Nxg4+
33. Kg3 Nf6 34. Ne1 Ke6 35. Nc2 h5 36. c4 Kf5 37. d5 h4+ 38. Kh3 Ng4 39. Nd4+
Ke5 40. Nb5 Nxe3 41. Nxc7 Nxc4 42. Nb5 Kxd5 43. Nxa7 e3 44. Nb5 Nxb2 45. Nc3+
Kc4 46. Ne2 Kd3 47. Ng1 e2 48. Nf3 Ke3 49. Kg2 Nd3 50. Nxg5 e1=Q 51. Nh3 Qg3+
52. Kf1 Qxh3+ 53. Kg1 Qg3+ 0-1

[Event "Int. Stuttgarter Stadtmeisterschaft B"]
[Site "Ditzingen"]
[Date "2014.05.31"]
[Round "7.31"]
[White "Pfeilsticker, Thorsten"]
[Black "Rühl, Volker"]
[Result "1-0"]
[WhiteElo "1609"]
[BlackElo "1831"]
[PlyCount "65"]
[EventDate "2014.??.??"]
[WhiteTeam "SV Stuttgart-Wolfbusch 1956 e.V."]
[BlackTeam "VfL Sindelfingen"]

1. e4 e5 2. Nf3 Nc6 3. Bb5 Nd4 4. Nxd4 exd4 5. Bc4 c6 6. Qf3 Qf6 7. Qe2 b5 8.
Bb3 Bc5 9. f4 Qh4+ 10. g3 Qh3 11. d3 d6 12. Nd2 Bg4 13. Nf3 Bb4+ 14. Bd2 Bxd2+
15. Kxd2 Nh6 16. a4 b4 17. a5 Kd7 18. Ng5 Bxe2 19. Nxh3 Bf3 20. Rhg1 Bg4 21.
Nf2 Be6 22. Ba4 Kc7 23. f5 Bd7 24. g4 Rhf8 25. g5 Ng8 26. Nh3 g6 27. Raf1 Rae8
28. Bb3 gxf5 29. exf5 Re5 30. g6 hxg6 31. fxg6 Bxh3 32. Rxf7+ Rxf7 33. gxf7 1-0

[Event "Int. Stuttgarter Stadtmeisterschaft B"]
[Site "Ditzingen"]
[Date "2014.05.31"]
[Round "7.32"]
[White "Helmich, Jörg"]
[Black "Awiszus, Thomas"]
[Result "1-0"]
[WhiteElo "1749"]
[BlackElo "1605"]
[PlyCount "25"]
[EventDate "2014.??.??"]
[WhiteTeam "Regensb. Turnerschaft"]
[BlackTeam "SK Schmiden/Cannstatt"]

1. d4 Nf6 2. c4 e6 3. g3 d5 4. Nf3 Nbd7 5. Bg2 c5 6. cxd5 Nxd5 7. O-O Be7 8.
Nc3 N7b6 9. Nxd5 Nxd5 10. dxc5 O-O 11. a3 Bxc5 12. b4 Qf6 13. Bg5 1-0

[Event "Int. Stuttgarter Stadtmeisterschaft B"]
[Site "Ditzingen"]
[Date "2014.05.31"]
[Round "7.33"]
[White "Handel, Oliver"]
[Black "Triantafillidis, Zoe"]
[Result "1/2-1/2"]
[WhiteElo "1597"]
[BlackElo "1721"]
[PlyCount "54"]
[EventDate "2014.??.??"]
[WhiteTeam "SF 59 Kornwestheim"]
[BlackTeam "SF HN-Biberach 1978 e.V."]

1. e4 c6 2. d4 d5 3. Nc3 dxe4 4. Nxe4 Bf5 5. Ng3 Bg6 6. Nf3 Nd7 7. h4 h6 8. h5
Bh7 9. Bd3 Bxd3 10. Qxd3 Ngf6 11. c4 e6 12. Bf4 Bb4+ 13. Kf1 O-O 14. Rd1 Ba5
15. Ne4 Nxe4 16. Qxe4 Bc7 17. Bxc7 Qxc7 18. Ne5 Nxe5 19. Qxe5 Qxe5 20. dxe5
Rfd8 21. Ke2 b5 22. c5 Rd5 23. Rxd5 exd5 24. Kd3 Re8 25. Re1 Re6 26. f4 f6 27.
Kd4 a5 1/2-1/2

[Event "Int. Stuttgarter Stadtmeisterschaft B"]
[Site "Ditzingen"]
[Date "2014.05.31"]
[Round "7.35"]
[White "Bausch, Raimund"]
[Black "Mejerski, Stephan"]
[Result "0-1"]
[WhiteElo "1608"]
[BlackElo "1672"]
[PlyCount "40"]
[EventDate "2014.??.??"]
[WhiteTeam "Stuttgarter SF 1879"]
[BlackTeam "SK Schmiden/Cannstatt"]

1. c4 e6 2. Nc3 Nf6 3. e4 d5 4. cxd5 exd5 5. e5 Ng4 6. d4 Bb4 7. a3 Ba5 8. b4
Bb6 9. h3 Nxf2 10. Kxf2 Qh4+ 11. Ke3 Nc6 12. Nf3 Qg3 13. Ke2 Nxd4+ 14. Nxd4
Qxc3 15. Nc2 Qxe5+ 16. Be3 Bxe3 17. Kf3 Qe4+ 18. Ke2 Bd4+ 19. Kd2 Qf4+ 20. Ke2
Qf2+ 0-1